Independent Cities of Virginia - Statistics

General Stats
  • This quiz has been taken 843 times
  • The average score is 19 of 38
Answer Stats
Answer % Correct
Richmond
93%
Virginia Beach
92%
Alexandria
85%
Norfolk
85%
Roanoke
77%
Charlottesville
75%
Newport News
74%
Chesapeake
71%
Hampton
67%
Williamsburg
65%
Fairfax
63%
Fredericksburg
63%
Lynchburg
63%
Danville
59%
Harrisonburg
58%
Suffolk
58%
Manassas
56%
Petersburg
54%
Portsmouth
51%
Winchester
51%
Staunton
49%
Bristol
47%
Falls Church
44%
Lexington
40%
Salem
38%
Waynesboro
36%
Emporia
34%
Martinsville
33%
Radford
33%
Manassas Park
32%
Galax
31%
Colonial Heights
28%
Poquoson
26%
Buena Vista
25%
Hopewell
25%
Franklin
23%
Norton
22%
Covington
19%
No matching quizzes found
Score Distribution
Percent of People with Each Score
Percentile by Number Answered
Your Score History
You have not taken this quiz